Normal view
MARC view
- Transportation, Automotive
Entry Topical Term
001 - CONTROL NUMBER
- control field: 23144
003 - CONTROL NUMBER IDENTIFIER
- control field: NUST
005 - DATE AND TIME OF LATEST TRANSACTION
- control field: 20191008123317.0
008 - FIXED-LENGTH DATA ELEMENTS
- fixed length control field: 191008|| aca||aabn | a|a d
040 ## - CATALOGING SOURCE
- Original cataloging agency: NUST
- Transcribing agency: NUST
150 ## - HEADING--TOPICAL TERM
- Topical term or geographic name entry element: Transportation, Automotive
- General subdivision: Taxation
- Geographic subdivision: United States
- General subdivision: States.
670 ## - SOURCE DATA FOUND
- Source citation: Work cat.: (NUST)0: Balducci, Patrick. 23143, State highway cost allocation studies /, 2008.
